Problems in thermodynamics and steam power plant engineering : Problems in thermodynamics /

Bibliographic Details
Main Author: Blaisdell, Allen Holt
Other Authors: Estep, Thomas Gemmill, 1883-
Format: Book
Language:English
Published: New York : J. Wiley & sons, inc.; [etc., etc.], 1925.
Subjects:

MARC

Tag First Indicator Second Indicator Subfields
LEADER 00000cam a2200000 4500
001 in00000037364
005 20151007074238.0
008 790118s1925 nyua 00010 eng
010 |a  25011842  
035 |a (OCoLC)04562579 
035 |9 AAF1191AM 
040 |a DLC  |c CLE  |d TXA  |d UtOrBLW 
049 |a TXAM  |c [45311] 
050 0 |a TJ265  |b .B6 
092 |a 620.101  |b B635p 
100 1 |a Blaisdell, Allen Holt. 
245 1 0 |a Problems in thermodynamics and steam power plant engineering :  |b Problems in thermodynamics /  |c by Allen H. Blaisdell. Problems in steam power plant engineering, by Thos. G. Estep. 
264 1 |a New York :  |b J. Wiley & sons, inc.; [etc., etc.],  |c 1925. 
300 |a vii, 163 pages :  |b diagrams ;  |c 23 cm. 
336 |a text  |b txt  |2 rdacontent 
337 |a unmediated  |b n  |2 rdamedia 
338 |a volume  |b nc  |2 rdacarrier 
650 0 |a Thermodynamics. 
650 0 |a Steam power plants. 
700 1 |a Estep, Thomas Gemmill,  |d 1883- 
999 |a MARS 
999 f f |s 54fdb8c4-fbd4-34dd-a285-93adcc57e8f3  |i ec83dbf0-a6fb-37e2-a107-21c77742e38f  |t 0 
952 f f |p ric  |a Texas A&M University  |b Rellis Campus  |c Joint Library Facility  |d Remote Storage  |t 0  |e TJ265 .B6  |h Library of Congress classification  |i unmediated -- volume  |m A14829948793 
998 f f |a TJ265 .B6  |t 0  |l Remote Storage